La Constitución de los Estados Unidos y su dinámica actual /
Este libro es, esencialmente, una colección de conferencias y artículos escritos a través de los últimos quince años, sobre varios aspectos de la Constitución de los Estados Unidos, y publicados en diversas revistas jurídicas de Latinoamérica. Es una visión panorámica del Derecho Constitucional esta...
Bewaard in:
| Hoofdauteur: | |
|---|---|
| Formaat: | Onbekend |
| Taal: | Spanish |
| Gepubliceerd in: |
Costa Rica :
Editorial Juricentro
2009
|
| Onderwerpen: | |
| Tags: |
Voeg label toe
Geen labels, Wees de eerste die dit record labelt!
|
MARC
| LEADER | 00000 a2200000 04500 | ||
|---|---|---|---|
| 001 | 41935 | ||
| 003 | cru CIDCACS/IIS | ||
| 005 | 20230703085221.0 | ||
| 008 | 050701s2009 cr spa d | ||
| 020 | |a 978-9977-31-172-2 | ||
| 040 | |c CRAI/IIS | ||
| 090 | |a 04.03.01 B255c | ||
| 100 | |a Barker, Robert S. | ||
| 245 | |a La Constitución de los Estados Unidos y su dinámica actual / |c Robert S. Barker | ||
| 260 | |a Costa Rica : |b Editorial Juricentro |c 2009 | ||
| 300 | |a 326 páginas | ||
| 505 | |a Presentación de Luis Fernando Solano Carrera y Olman A. Rodríguez L. Con apéndices de Rosana Moretti de Troglia, José F. Palomino Mancheco y Robert S. Barker | ||
| 520 | |a Este libro es, esencialmente, una colección de conferencias y artículos escritos a través de los últimos quince años, sobre varios aspectos de la Constitución de los Estados Unidos, y publicados en diversas revistas jurídicas de Latinoamérica. Es una visión panorámica del Derecho Constitucional estadounidense, su desarrollo, éxito y desafíos. | ||
| 590 | |a RRA/OCTUBRE2012 | ||
| 650 | |a CONSTITUCIONES | ||
| 650 | |a DERECHO CONSTITUCIONAL | ||
| 650 | |a LEGISLACION | ||
| 650 | |a ESTADOS UNIDOS | ||
| 650 | |a ANALISIS DE CONTENIDO | ||
| 942 | |2 ddc |c LI |h 04.03.01 B255c |i 11941 |6 040301_B255C_11941 | ||
| 999 | |c 15474 |d 15474 | ||



